[Event "Xtracon Chess Open 2019"]
[Site "Helsingor DEN"]
[Date "2019.07.23"]
[Round "5.91"]
[White "Moller, Arne Vang"]
[Black "Thaler, Toni"]
[Result "0-1"]
[WhiteElo "1872"]
[BlackElo "2070"]
[WhiteFideId "1406175"]
[BlackFideId "1303864"]
[EventDate "2019.07.20"]

1. e4 c5 2. Nf3 Nc6 3. d4 cxd4 4. Nxd4 Nf6 5. Nc3 e5 6. Ndb5 d6 7. Bg5 a6 8. Na3
Be6 9. Bxf6 gxf6 10. Nd5 f5 11. Bd3 b5 12. c3 Bg7 13. Qh5 Rc8 14. O-O f4 15. g3
Ne7 16. Rad1 Ng6 17. Nxb5 Bxd5 18. Nxd6+ Qxd6 19. exd5 O-O 20. c4 f5 21. Bxf5
Rxc4 22. Be6+ Kh8 23. Rc1 Rxc1 24. Rxc1 Ne7 25. Rd1 e4 26. Qe2 e3 27. fxe3 fxg3
28. Rf1 gxh2+ 29. Kh1 Nxd5 30. Rxf8+ Bxf8 31. Qg4 Nf6 32. Qf5 Be7 33. e4 Qg3 34.
Qf1 Nxe4 0-1

[Event "Xtracon Chess Open 2019"]
[Site "Helsingor DEN"]
[Date "2019.07.23"]
[Round "5.92"]
[White "Knudsen, Jan"]
[Black "Linjord, Anders Jess"]
[Result "1-0"]
[WhiteElo "1577"]
[BlackElo "1222"]
[WhiteFideId "1460803"]
[BlackFideId "1530020"]
[EventDate "2019.07.20"]

1. e4 e5 2. f4 exf4 3. Nf3 d6 4. Bc4 Bg4 5. O-O Nf6 6. Nc3 Nc6 7. d4 Be7 8. Bxf4
O-O 9. Qd2 Bxf3 10. Rxf3 Nd7 11. Raf1 Bf6 12. Be3 Nb6 13. Bb3 Qe7 14. Rxf6 gxf6
15. Bh6 Kh8 16. Bxf8 Rxf8 17. Rf3 Rg8 18. Qf2 Rg6 19. h4 Rh6 20. g4 Qd7 21. g5
Qg4+ 22. Rg3 Qxh4 23. gxh6 Qxh6 24. Bxf7 Qg7 25. Rxg7 Kxg7 26. Be6 Kf8 27. Qxf6+
Ke8 28. Qf7+ Kd8 29. Qf8# 1-0

[Event "Xtracon Chess Open 2019"]
[Site "Helsingor DEN"]
[Date "2019.07.23"]
[Round "5.93"]
[White "Jepsen, Thomas Tange"]
[Black "Haraldsson, Leif"]
[Result "1-0"]
[WhiteElo "2069"]
[BlackElo "1857"]
[WhiteFideId "1405357"]
[BlackFideId "1710648"]
[EventDate "2019.07.20"]

1. d4 d6 2. Nf3 Nd7 3. e4 e5 4. c3 h6 5. Bd3 Ne7 6. O-O g5 7. Nbd2 Ng6 8. Nc4
Bg7 9. Ne3 Nf4 10. Nf5 Qf6 11. Bb5 c6 12. dxe5 dxe5 13. Nd6+ Ke7 14. Nf5+ Kf8
15. Bxf4 gxf4 16. Be2 Nb6 17. N3h4 Kg8 18. Qd3 Be6 19. b3 Bf8 20. Kh1 Kh7 21. g3
Rd8 22. Qc2 Rg8 23. gxf4 exf4 24. e5 Qxe5 25. Ne7+ f5 26. Nxg8 Kxg8 27. c4 Qe4+
28. Qxe4 fxe4 29. Rg1+ Kf7 30. Bh5+ Kf6 31. Rad1 Rxd1 32. Bxd1 f3 33. Bc2 Bc5
34. Rg6+ Ke5 35. Kg1 Bh3 36. Rxh6 Bg4 37. Rg6 Kf4 38. Bxe4 Bh5 39. Rh6 Kg5 40.
Rh7 Kxh4 41. Bxf3 1-0

[Event "Xtracon Chess Open 2019"]
[Site "Helsingor DEN"]
[Date "2019.07.23"]
[Round "5.94"]
[White "Woltery, Nicolai"]
[Black "Christiansen, Jens Jorgen"]
[Result "1/2-1/2"]
[WhiteElo "1865"]
[BlackElo "2053"]
[WhiteFideId "436887"]
[BlackFideId "1401670"]
[EventDate "2019.07.20"]

1. c4 e5 2. Nc3 d6 3. g3 f5 4. d4 Be7 5. Bh3 Nf6 6. dxe5 dxe5 7. Qxd8+ Bxd8 8.
e4 Nc6 9. Bg5 Nd4 10. Bxf6 Bxf6 11. O-O-O Be6 12. b3 g6 13. Nge2 c5 14. f4 O-O
15. fxe5 Bxe5 16. Nxd4 Bxd4 17. Nb5 Be5 18. Rhe1 a6 19. Nd6 Bd4 20. exf5 Bxf5
21. Nxf5 gxf5 22. Re7 Rae8 23. Rde1 Rxe7 24. Rxe7 b5 25. Bg2 f4 26. Bd5+ Kh8 27.
gxf4 Rxf4 28. Re6 Rf1+ 29. Kd2 Rf2+ 30. Re2 Rxe2+ 31. Kxe2 1/2-1/2

[Event "Xtracon Chess Open 2019"]
[Site "Helsingor DEN"]
[Date "2019.07.23"]
[Round "5.95"]
[White "Heier, Odin Nikolai"]
[Black "Nielsen, Jorgen Lovgren"]
[Result "0-1"]
[WhiteElo "1863"]
[BlackElo "2053"]
[WhiteFideId "1518003"]
[BlackFideId "1403850"]
[EventDate "2019.07.20"]

1. d4 f5 2. Bf4 Nf6 3. e3 g6 4. h4 h6 5. Qf3 d6 6. Qg3 Rg8 7. Bc4 e6 8. Nc3 Nc6
9. O-O-O Qe7 10. Nf3 Bd7 11. a3 O-O-O 12. Rhe1 Qg7 13. d5 Na5 14. Ba2 e5 15.
Nxe5 dxe5 16. Bxe5 Bd6 17. b4 Rde8 18. f4 Qe7 19. bxa5 Bxa3+ 20. Kb1 Qb4+ 21.
Bb3 Rxe5 22. Na2 Ne4 23. Nxb4 Nxg3 24. fxe5 Bxb4 25. c3 Bxc3 26. e6 Bb5 27. Rg1
Bf6 28. d6 Ne2 29. d7+ Kd8 30. e7+ Bxe7 31. Bxg8 Nxg1 32. Rxg1 Bxd7 33. Bf7 g5
34. Rd1 Bd6 35. hxg5 hxg5 36. Bc4 Ke7 37. Rh1 Bc6 38. Rh5 Kf6 39. Bf1 Kg6 40.
Rh8 a6 41. Rg8+ Kf6 42. Rb8 Ke5 43. Kc2 Be4+ 44. Kd1 Ke6 45. Ke1 Bb4+ 46. Kf2
Bxa5 47. g4 b5 48. gxf5+ Bxf5 49. Ra8 Bb6 50. Rxa6 b4 51. Ra4 Bc5 52. Bc4+ Kd6
53. Ra1 Bc2 54. Ba2 Bb6 55. Rc1 Be4 56. Rg1 Bc2 57. Rc1 Bf5 58. Rd1+ Ke5 59.
Rd5+ Ke4 60. Rb5 Bxe3+ 61. Ke1 c5 62. Rb8 Kd4 63. Rd8+ Kc3 64. Rf8 Bc2 65. Rf3
Kd3 66. Bc4+ Ke4 67. Bd5+ Kd4 68. Ke2 Bd3+ 69. Ke1 c4 70. Kd1 b3 71. Bxc4 Bxc4
72. Rg3 Bd3 73. Rg2 Kc3 74. Rh2 b2 75. Rc2+ Bxc2+ 76. Ke2 b1=Q 77. Kxe3 Qe1+ 78.
Kf3 Bd1+ 79. Kg2 g4 80. Kh2 Qf2+ 81. Kh1 0-1

[Event "Xtracon Chess Open 2019"]
[Site "Helsingor DEN"]
[Date "2019.07.23"]
[Round "5.96"]
[White "Salerno, Christian"]
[Black "Stage, Allan Juul"]
[Result "1-0"]
[WhiteElo "2047"]
[BlackElo "1855"]
[WhiteFideId "1310810"]
[BlackFideId "1452371"]
[EventDate "2019.07.20"]

1. e4 c5 2. Nf3 e6 3. d4 cxd4 4. Nxd4 Nc6 5. Nxc6 dxc6 6. Bd3 Nf6 7. O-O h6 8.
Qe2 Qc7 9. Nd2 b6 10. a4 Bb7 11. Nc4 Ba6 12. Re1 Bxc4 13. Bxc4 e5 14. Qf3 Bd6
15. Bd2 Qe7 16. Rad1 g5 17. Qb3 Bc5 18. Qf3 Rd8 19. c3 a5 20. g3 Rg8 21. Qf5 Rg6
22. Be3 Nd7 23. Bxc5 bxc5 24. Re3 Qf6 25. Red3 Qxf5 26. exf5 Rf6 27. g4 Ke7 28.
R3d2 Ke8 29. Bf1 Ke7 30. Bg2 Ke8 31. Be4 Ke7 32. Kf1 Ke8 33. Ke2 h5 34. h3 hxg4
35. hxg4 Rh6 36. Rd3 Ke7 37. b3 Ke8 38. R1d2 Ke7 39. Kd1 Nf6 40. Rxd8 Nxe4 41.
R2d7+ Kf6 42. Rd6+ Nxd6 43. Rxd6+ Kg7 44. Rxh6 Kxh6 45. b4 1-0

[Event "Xtracon Chess Open 2019"]
[Site "Helsingor DEN"]
[Date "2019.07.23"]
[Round "5.97"]
[White "Zemlickova, Olena"]
[Black "Hilbenz, Guntram"]
[Result "1-0"]
[WhiteTitle "WIM"]
[WhiteElo "2043"]
[BlackElo "1845"]
[WhiteFideId "14105560"]
[BlackFideId "4686586"]
[EventDate "2019.07.20"]

1. d4 d5 2. Nf3 Nf6 3. e3 c5 4. b3 cxd4 5. exd4 Nc6 6. Bb2 Bg4 7. Be2 e6 8. O-O
Bd6 9. h3 Bf5 10. c4 O-O 11. Nc3 Ne4 12. a3 Rc8 13. Nxe4 Bxe4 14. c5 Bb8 15. b4
Qc7 16. g3 f6 17. Re1 h5 18. Bd3 Bxd3 19. Qxd3 Qf7 20. b5 Na5 21. Nd2 h4 22. Bc3
Nc4 23. Nxc4 dxc4 24. Qxc4 Rce8 25. Qd3 hxg3 26. fxg3 Qh5 27. Kg2 Kf7 28. Qf3
Qd5 29. Qxd5 exd5 30. Kf3 f5 31. Rxe8 Rxe8 32. Rc1 Re6 33. Bd2 Ke8 34. Bf4 Bxf4
35. Kxf4 Re4+ 36. Kxf5 Rxd4 37. Rc3 Kd7 38. h4 Rd1 39. h5 d4 40. Rc4 d3 41. Rd4+
Kc7 42. Kg6 d2 43. Kxg7 Rg1 44. Rxd2 Rxg3+ 45. Kf6 Rxa3 46. h6 Rf3+ 47. Ke7 a5
48. bxa6 bxa6 49. Rd6 1-0

[Event "Xtracon Chess Open 2019"]
[Site "Helsingor DEN"]
[Date "2019.07.23"]
[Round "5.98"]
[White "Saravana, Vedant Kumar"]
[Black "Pallesen, Jacob"]
[Result "0-1"]
[WhiteElo "1861"]
[BlackElo "2041"]
[WhiteFideId "45059730"]
[BlackFideId "1404881"]
[EventDate "2019.07.20"]

1. e4 c5 2. Nf3 e6 3. d4 cxd4 4. Nxd4 Nc6 5. Nc3 Qc7 6. Be3 a6 7. Be2 Nf6 8. O-O
Bb4 9. Qd3 Ne5 10. Qd1 Bxc3 11. bxc3 Nxe4 12. f4 Nxc3 13. Qd2 Nxe2+ 14. Qxe2 Nc4
15. f5 e5 16. f6 g6 17. Kh1 Nxe3 18. Qxe3 d6 19. Nf3 Bg4 20. Ng5 h6 21. Ne4
O-O-O 22. Rab1 Bf5 23. Nc3 Qc5 24. Qf3 d5 25. Na4 Qc6 26. Qa3 Qd6 27. Nc5 Rd7
28. Qa5 Rc7 29. Na4 b5 30. Nc3 Qc6 31. Rb3 d4 0-1

[Event "Xtracon Chess Open 2019"]
[Site "Helsingor DEN"]
[Date "2019.07.23"]
[Round "5.99"]
[White "Sidali, Elias Hulleberg"]
[Black "Frederiksen Kristian, Pade"]
[Result "1/2-1/2"]
[WhiteElo "2041"]
[BlackElo "1822"]
[WhiteFideId "1530518"]
[BlackFideId "1435205"]
[EventDate "2019.07.20"]

1. d4 Nf6 2. Bf4 g6 3. Nc3 d5 4. e3 Bg7 5. h4 c5 6. dxc5 Qa5 7. Bb5+ Bd7 8. Qd3
a6 9. Bxd7+ Nbxd7 10. Nf3 Nxc5 11. Qd2 O-O 12. O-O e6 13. Nxd5 Qxd2 14. Nxf6+
Bxf6 15. Nxd2 Bxb2 16. Rab1 Bc3 17. Nc4 b5 18. Ne5 Rac8 19. f3 f6 20. Nd3 Rfd8
21. Rfd1 Na4 22. Nf2 Kf7 23. Ne4 Ke7 24. Bd6+ Kf7 25. Bg3 Ke7 26. Bd6+ Kf7 27.
Bg3 Ke7 28. Rd3 Ba5 29. Bd6+ Kf7 30. Bb4 Bxb4 31. Rxb4 Rxd3 32. cxd3 Rc1+ 33.
Kh2 e5 34. Rb3 1/2-1/2

[Event "Xtracon Chess Open 2019"]
[Site "Helsingor DEN"]
[Date "2019.07.23"]
[Round "5.100"]
[White "Stovring, Claus"]
[Black "Jaques, Hannibal Valeur"]
[Result "1-0"]
[WhiteElo "2036"]
[BlackElo "1807"]
[WhiteFideId "1406914"]
[BlackFideId "1454188"]
[EventDate "2019.07.20"]

1. e4 e5 2. Nf3 Nc6 3. Bb5 a6 4. Ba4 Nf6 5. O-O d6 6. Re1 b5 7. Bb3 Na5 8. d4
Nxb3 9. axb3 Bg4 10. dxe5 Bxf3 11. Qxf3 dxe5 12. Nc3 c6 13. Qf5 Qc7 14. Bg5 Be7
15. Re3 Rd8 16. Rh3 h6 17. Be3 Qd7 18. Qf3 b4 19. Na4 Nxe4 20. Nb6 Qd6 21. Kf1
Nd2+ 22. Bxd2 Qxd2 23. Qxc6+ Kf8 24. Rf3 f6 25. Qe4 Bc5 26. Nc4 Qd4 27. Qxd4
Rxd4 28. Rxa6 Ke7 29. Rc6 Bd6 30. Ra6 Rd8 31. Ne3 g6 32. Rg3 Rg8 33. Nf5+ Kd7
34. Nxd4 exd4 35. Rd3 1-0

[Event "Xtracon Chess Open 2019"]
[Site "Helsingor DEN"]
[Date "2019.07.23"]
[Round "5.101"]
[White "Cramling Bellon, Anna"]
[Black "Lindgaard, Tobias Simon"]
[Result "1-0"]
[WhiteTitle "WFM"]
[WhiteElo "2030"]
[BlackElo "1804"]
[WhiteFideId "32009232"]
[BlackFideId "1419820"]
[EventDate "2019.07.20"]

1. d4 Nc6 2. Nf3 d6 3. e4 g6 4. d5 Nb8 5. c4 Bg7 6. Nc3 Nf6 7. Be2 Nbd7 8. Be3
c5 9. dxc6 bxc6 10. O-O O-O 11. h3 Qc7 12. Rc1 Qb8 13. Qc2 e5 14. Rfd1 Rd8 15.
c5 Nf8 16. Nxe5 Bb7 17. cxd6 Rxd6 18. Rxd6 Qxd6 19. Nxf7 Kxf7 20. Qb3+ Ne6 21.
Qxb7+ Nc7 22. Nb5 1-0

[Event "Xtracon Chess Open 2019"]
[Site "Helsingor DEN"]
[Date "2019.07.23"]
[Round "5.102"]
[White "Amin, Idris"]
[Black "Jensen, Morten Frank"]
[Result "1/2-1/2"]
[WhiteElo "1853"]
[BlackElo "2029"]
[WhiteFideId "1746022"]
[BlackFideId "1407325"]
[EventDate "2019.07.20"]

1. d4 g6 2. Bf4 Bg7 3. e3 d6 4. Nf3 Nd7 5. h3 e5 6. dxe5 dxe5 7. Bg5 f6 8. Bh4
Qe7 9. c3 Nh6 10. Bg3 Nf7 11. Bc4 Nd6 12. Bb3 Nc5 13. Bc2 Be6 14. Nbd2 Rd8 15.
Qe2 O-O 16. O-O a5 17. a4 b6 18. Rfe1 Kh8 19. Nd4 Bd5 20. Nb5 Nde4 21. Nxe4 Bxe4
22. Rad1 Bb7 23. Qc4 f5 24. Bh4 g5 25. Rxd8 Rxd8 26. Bg3 Bd5 27. Qe2 c6 28. Na3
Ne4 29. Bh2 Nxc3 30. Qa6 Nxa4 31. Bxa4 Qb4 32. Rb1 Qxa4 33. Qxb6 Rf8 34. Qc5 Qb4
35. Qa7 f4 36. Kh1 Qd2 37. exf4 exf4 38. Qc5 Rf5 39. Qb6 Bd4 40. Qd8+ Kg7 41. f3
Re5 42. Bg1 Re1 43. Qxg5+ Kf7 44. Rxe1 Qxe1 45. Qxf4+ Bf6 46. Nc4 Kg7 47. Qg4+
Kh8 48. b3 h6 49. Kh2 Bxc4 50. Qxc4 Qe5+ 51. f4 Qc3 52. Qe6 Kg7 53. Bf2 Qb2 54.
Bg3 Qc3 55. h4 h5 56. Qd7+ Kf8 57. Qf5 Ke7 58. Qxh5 Qxb3 59. Qxa5 Qb5 60. Qc7+
Ke6 61. Qc8+ Kf7 62. Qg4 c5 63. Qf5 Qc6 64. Qh7+ Kf8 65. h5 c4 66. Qh6+ Ke7 67.
Qh7+ Kf8 68. f5 c3 69. Bf4 c2 70. Qh6+ Ke7 71. Kh3 Qc3+ 72. g3 Qd3 73. Qh7+ Kf8
74. Bh6+ Ke8 75. Qg8+ Kd7 76. Qe6+ Kc7 77. Qxf6 Qf1+ 78. Kh4 Qh1+ 79. Kg4 Qd1+
80. Kh4 Qh1+ 81. Kg4 Qd1+ 82. Kh4 Qh1+ 83. Kg4 Qd1+ 84. Kh4 Qh1+ 1/2-1/2

[Event "Xtracon Chess Open 2019"]
[Site "Helsingor DEN"]
[Date "2019.07.23"]
[Round "5.103"]
[White "Buttkus, Andre"]
[Black "Loveid, Erik"]
[Result "1-0"]
[WhiteElo "2024"]
[BlackElo "1799"]
[WhiteFideId "24695882"]
[BlackFideId "1520067"]
[EventDate "2019.07.20"]

1. d4 d5 2. Nf3 Nf6 3. e3 e6 4. Bd3 Nbd7 5. Nbd2 c5 6. b3 cxd4 7. exd4 Bb4 8.
Bb2 O-O 9. a3 Bd6 10. O-O a6 11. Ne5 b5 12. f4 Qb6 13. Kh1 Rd8 14. Qe2 Nf8 15.
Rae1 Bb7 16. f5 exf5 17. Rxf5 Bc8 18. Rff1 Ng6 19. Qf3 Qc7 20. h3 Bd7 21. g4 Bc6
22. Nxc6 Qxc6 23. g5 Nd7 24. Qxf7+ Kh8 25. Bxg6 Rf8 26. Qe6 hxg6 27. Qxg6 Qc7
28. Re6 1-0

[Event "Xtracon Chess Open 2019"]
[Site "Helsingor DEN"]
[Date "2019.07.23"]
[Round "5.104"]
[White "Holinka, Henning"]
[Black "Zwisler, Lars Erik"]
[Result "1-0"]
[WhiteElo "2021"]
[BlackElo "1789"]
[WhiteFideId "12967084"]
[BlackFideId "1418351"]
[EventDate "2019.07.20"]

1. e4 e6 2. Nc3 c5 3. Nf3 Nc6 4. g3 g6 5. Bg2 Bg7 6. O-O Nge7 7. d3 d6 8. Be3 e5
9. Nh4 O-O 10. f4 f6 11. f5 g5 12. Nf3 Nd4 13. Nd2 a6 14. a4 Bd7 15. a5 Be8 16.
Nd5 Ndc6 17. c3 Bf7 18. Qa4 Be8 19. Qa3 Rf7 20. Rfb1 Na7 21. b4 Nb5 22. Qb3 Nxd5
23. exd5 cxb4 24. Qxb4 Bf8 25. c4 Nd4 26. Bxd4 exd4 27. g4 h5 28. h3 hxg4 29.
hxg4 Qe7 30. Re1 Qc7 31. Nb3 Re7 32. Nxd4 Rxe1+ 33. Rxe1 Qd7 34. Rb1 Rb8 35. Nc6
bxc6 36. Qxb8 Qe7 37. Be4 Qe5 38. Kg2 Qf4 39. Qxe8 Qxg4+ 40. Kf1 Qh3+ 41. Ke2
Qh2+ 42. Kd1 Qh5+ 43. Qxh5 1-0

[Event "Xtracon Chess Open 2019"]
[Site "Helsingor DEN"]
[Date "2019.07.23"]
[Round "5.105"]
[White "Leonhardsen, Vebjorn Maanum"]
[Black "Meurman, Arne"]
[Result "1/2-1/2"]
[WhiteElo "1820"]
[BlackElo "2014"]
[WhiteFideId "1539515"]
[BlackFideId "1704923"]
[EventDate "2019.07.20"]

1. c4 Nf6 2. Nf3 c5 3. Nc3 e6 4. g3 b6 5. Bg2 Bb7 6. b3 Be7 7. O-O O-O 8. Bb2 d6
9. d4 cxd4 10. Nxd4 Bxg2 11. Kxg2 a6 12. e3 Qc8 13. Qf3 Ra7 14. Rfd1 Rc7 15. Ne4
Nbd7 16. Nxf6+ Bxf6 17. Rab1 Rd8 18. Qe2 Nc5 19. Nc2 Bxb2 20. Rxb2 Ne4 21. Rd4
d5 22. cxd5 Nc3 23. Qd2 Rxd5 24. Rxd5 Nxd5 25. Nd4 h6 26. Rc2 Qb7 27. Kg1 b5 28.
Qc1 Rxc2 29. Qxc2 Qc7 1/2-1/2

[Event "Xtracon Chess Open 2019"]
[Site "Helsingor DEN"]
[Date "2019.07.23"]
[Round "5.106"]
[White "Kalveus, Jan"]
[Black "Andersen, Kim Nyvang"]
[Result "0-1"]
[WhiteElo "1798"]
[BlackElo "2008"]
[WhiteFideId "1721682"]
[BlackFideId "1415743"]
[EventDate "2019.07.20"]

1. d4 g6 2. Nf3 Nf6 3. Bf4 Bg7 4. Nc3 Nh5 5. Be5 f6 6. Bg3 d6 7. e3 Bg4 8. Bc4
Nd7 9. Qd3 Nb6 10. Bb3 c6 11. a4 Nd7 12. Nh4 Nf8 13. Qe4 Qd7 14. h3 Nxg3 15.
fxg3 f5 16. Qd3 Bh5 17. a5 d5 18. Nxd5 e5 19. O-O O-O-O 20. a6 cxd5 21. axb7+
Qxb7 22. Ra5 Rd6 23. Rfa1 Kb8 24. Rb5 Rb6 25. Raa5 e4 26. Qf1 Bh6 27. Kf2 Ne6
28. Rxd5 Qc7 29. Qa1 Rf8 30. Qa3 Bxe3+ 31. Kxe3 Qxg3+ 32. Kd2 e3+ 33. Kc3 e2+
34. Kc4 Rc8+ 35. Rdc5 Nxc5 36. Rxc5 Rxc5+ 37. Qxc5 Qc7 0-1

[Event "Xtracon Chess Open 2019"]
[Site "Helsingor DEN"]
[Date "2019.07.23"]
[Round "5.107"]
[White "Philipsen, William Horup"]
[Black "Viitaniemi, Olli"]
[Result "1-0"]
[WhiteElo "2001"]
[BlackElo "1778"]
[WhiteFideId "1408470"]
[BlackFideId "515361"]
[EventDate "2019.07.20"]

1. e4 e6 2. d4 d5 3. e5 c5 4. c3 Nc6 5. Nf3 Bd7 6. Bd3 Qb6 7. O-O cxd4 8. cxd4
Nxd4 9. Nbd2 Nxf3+ 10. Nxf3 Rc8 11. Ng5 f5 12. exf6 Nxf6 13. Nxh7 Nxh7 14. Qh5+
Kd8 15. Bxh7 Kc7 16. Qe5+ Qd6 17. Qg5 Rxh7 18. Bf4 Qxf4 19. Qxf4+ Bd6 20. Rac1+
Bc6 21. Qf7+ Kb8 22. f4 Rch8 23. h3 g5 24. Qxe6 Rh6 25. Qg4 gxf4 26. Rfe1 R6h7
27. Qf3 Rg7 28. Re6 Bc7 29. Rexc6 bxc6 30. Rxc6 Rg3 31. Qxd5 Rd8 32. Qb5+ Bb6+
33. Rxb6+ axb6 34. Qxb6+ Kc8 35. Qc5+ Kb7 36. Qb4+ 1-0

[Event "Xtracon Chess Open 2019"]
[Site "Helsingor DEN"]
[Date "2019.07.23"]
[Round "5.108"]
[White "Opseth, Oliver"]
[Black "Bering, Anders"]
[Result "1-0"]
[WhiteElo "1714"]
[BlackElo "1999"]
[WhiteFideId "1523813"]
[BlackFideId "1405810"]
[EventDate "2019.07.20"]

1. d4 Nf6 2. Bf4 d5 3. e3 c5 4. c3 Nc6 5. Bd3 Qb6 6. Ne2 c4 7. Bc2 Qxb2 8. Nd2
Qb6 9. e4 e6 10. O-O Be7 11. Ng3 Bd7 12. Be3 Qa5 13. e5 Ng8 14. Qg4 g6 15. Ne2
O-O-O 16. f4 h5 17. Qf3 Nh6 18. a4 Ng4 19. Rfb1 Qc7 20. Rb5 Na5 21. Rb2 Rdg8 22.
Nb1 g5 23. f5 Nxe3 24. Qxe3 exf5 25. Qf3 Be6 26. Bxf5 b6 27. Rb5 g4 28. Qf1 Nb3
29. Ra2 Qc6 30. Nf4 a6 31. Nxd5 Bd8 32. Nb4 Qb7 33. Qxc4+ Nc5 34. Nxa6 Bxf5 35.
Nxc5 Qc6 36. Qxf7 Bxb1 37. d5 Bxa2 38. Qf5+ Kb8 39. dxc6 Rg7 40. e6 1-0

[Event "Xtracon Chess Open 2019"]
[Site "Helsingor DEN"]
[Date "2019.07.23"]
[Round "5.109"]
[White "Kakulidis, Ellen"]
[Black "Khoo-Thwe, Louis"]
[Result "1-0"]
[WhiteTitle "WCM"]
[WhiteElo "1998"]
[BlackElo "1746"]
[WhiteFideId "1444972"]
[BlackFideId "1538756"]
[EventDate "2019.07.20"]

1. d4 Nf6 2. g3 d5 3. Nf3 e6 4. Bg2 Be7 5. O-O O-O 6. c4 Nbd7 7. Qc2 b6 8. cxd5
exd5 9. Qc6 Rb8 10. Bf4 Bb7 11. Qa4 Ra8 12. Nc3 c5 13. Ne5 cxd4 14. Nxd7 dxc3
15. Nxf8 cxb2 16. Rab1 Bxf8 17. Rxb2 Bc5 18. Rd2 Qe8 19. Qxe8+ Rxe8 20. Bf3 h6
21. Rc2 g5 22. Be3 g4 23. Bg2 Rc8 24. Rfc1 Ba6 25. Bxc5 bxc5 26. Rxc5 Rxc5 27.
Rxc5 Bc4 28. a3 a6 29. e4 Bb5 30. exd5 Nd7 31. Rc7 Kg7 32. Bf1 Ne5 33. Bxb5 axb5
34. d6 Kf6 35. Rc5 Nf3+ 36. Kg2 Nd4 37. d7 Ke7 38. d8=Q+ 1-0

[Event "Xtracon Chess Open 2019"]
[Site "Helsingor DEN"]
[Date "2019.07.23"]
[Round "5.110"]
[White "Weber, Andreas"]
[Black "Digernes, Magnus"]
[Result "0-1"]
[WhiteElo "1704"]
[BlackElo "1997"]
[WhiteFideId "24652504"]
[BlackFideId "1514873"]
[EventDate "2019.07.20"]

1. Nf3 d6 2. g3 c5 3. Bg2 Nc6 4. O-O e5 5. d3 Nge7 6. Nc3 g6 7. e4 Bg7 8. Nd2
Be6 9. a4 f5 10. Nd5 Bxd5 11. exd5 Nb4 12. Nc4 Rb8 13. Bg5 O-O 14. c3 Na6 15.
Na3 Nc7 16. Nb5 a6 17. Nxc7 Qxc7 18. Re1 Rf7 19. Ra2 h6 20. Bxe7 Rxe7 21. c4 Qa5
22. Qc1 b5 23. Qc3 Qxc3 24. bxc3 bxc4 25. d4 cxd4 26. cxd4 e4 27. Bf1 Rb4 28.
Rc1 Rc7 29. Rac2 Rxa4 30. Rxc4 Rcxc4 31. Bxc4 Bxd4 32. Rc2 a5 33. Kg2 Bc5 34.
Kh3 Bxf2 35. Bb5 Rb4 36. Rc8+ Kg7 0-1

[Event "Xtracon Chess Open 2019"]
[Site "Helsingor DEN"]
[Date "2019.07.23"]
[Round "5.112"]
[White "Glibstrup, Jakob"]
[Black "Munksgaard, Bo"]
[Result "1/2-1/2"]
[WhiteElo "1993"]
[BlackElo "1740"]
[WhiteFideId "1416146"]
[BlackFideId "1407473"]
[EventDate "2019.07.20"]

1. e4 e6 2. d4 d5 3. Nc3 Nf6 4. Bg5 Be7 5. e5 Nfd7 6. Bxe7 Qxe7 7. f4 b6 8. Nf3
Ba6 9. Qd2 Bxf1 10. Rxf1 a6 11. O-O-O c5 12. g4 Nc6 13. g5 g6 14. h4 O-O-O 15.
Rde1 Kb7 16. Nd1 Rc8 17. Ne3 cxd4 18. Nxd4 Nxd4 19. Qxd4 Qc5 20. Qd2 h5 21. Kb1
Qb5 22. Rf3 Nc5 23. Nd1 Ne4 24. Qd3 Qa5 25. Re2 Rhd8 26. c3 Rc4 27. Nf2 Nxf2 28.
Rexf2 Rdc8 29. Rf1 Qc5 30. Qe3 Qxe3 31. Rxe3 d4 32. cxd4 Rxd4 33. Ref3 Rd2 34.
Rc1 Rxc1+ 35. Kxc1 Rh2 36. Rd3 Kc7 37. Rc3+ Kd7 38. Rd3+ Kc7 39. Rc3+ Kd7 40.
Rd3+ 1/2-1/2

[Event "Xtracon Chess Open 2019"]
[Site "Helsingor DEN"]
[Date "2019.07.23"]
[Round "5.113"]
[White "Andersson, Lars"]
[Black "Hamalainen, Joel"]
[Result "1-0"]
[WhiteElo "1990"]
[BlackElo "1736"]
[WhiteFideId "1706772"]
[BlackFideId "516660"]
[EventDate "2019.07.20"]

1. d4 Nf6 2. Bf4 e6 3. e3 c5 4. c3 b6 5. Nf3 Bb7 6. Bd3 Be7 7. h3 O-O 8. O-O d6
9. Qe2 Re8 10. Nbd2 cxd4 11. exd4 Nbd7 12. Rfe1 Bf8 13. Rad1 h6 14. Bc2 Nd5 15.
Bh2 N7f6 16. a3 a5 17. c4 Ba6 18. Bd3 Ne7 19. Rc1 d5 20. c5 Bxd3 21. Qxd3 bxc5
22. Rxc5 Rc8 23. Rec1 Rxc5 24. Rxc5 Qa8 25. Qc3 Rc8 26. Bd6 Rxc5 27. dxc5 Nc6
28. Bxf8 Kxf8 29. Ne5 Nxe5 30. Qxe5 Qc6 31. Qb8+ Ne8 32. b4 Qa4 33. b5 Qxa3 34.
c6 Qc5 35. Nf3 Qc1+ 36. Kh2 a4 37. b6 Qxc6 38. b7 Qc1 39. Qg3 1-0

[Event "Xtracon Chess Open 2019"]
[Site "Helsingor DEN"]
[Date "2019.07.23"]
[Round "5.114"]
[White "Bremer, Erik"]
[Black "Kristensen, Thomas Overgaard"]
[Result "0-1"]
[WhiteElo "1444"]
[BlackElo "1700"]
[WhiteFideId "1411578"]
[BlackFideId "1419803"]
[EventDate "2019.07.20"]

1. e4 c6 2. d4 d5 3. Nc3 dxe4 4. Nxe4 Nf6 5. Ng3 g6 6. Nf3 Bg7 7. c3 Qc7 8. Be2
Nd5 9. Qc2 Nd7 10. Bd2 N7f6 11. Ne5 Be6 12. O-O Nd7 13. Nd3 h5 14. Bf3 Bh6 15.
Bxh6 Rxh6 16. Qd2 Rh7 17. Ne2 Bg4 18. Bxd5 cxd5 19. Nef4 e6 20. h3 Bf5 21. Rfe1
O-O-O 22. Rac1 Kb8 23. c4 dxc4 24. Qb4 g5 25. Rxc4 Qb6 26. Qe7 gxf4 27. Rb4 Qa5
28. Ra4 Qb6 29. Rb4 f6 30. Qxh7 Bxh7 31. Rxb6 Nxb6 0-1

[Event "Xtracon Chess Open 2019"]
[Site "Helsingor DEN"]
[Date "2019.07.23"]
[Round "5.115"]
[White "Iskos, Lukas"]
[Black "Magnussen, Pal"]
[Result "1/2-1/2"]
[WhiteElo "1622"]
[BlackElo "1985"]
[WhiteFideId "1461613"]
[BlackFideId "1711814"]
[EventDate "2019.07.20"]

1. e4 e5 2. Nf3 Nc6 3. Bc4 Bc5 4. O-O Nf6 5. d4 Bxd4 6. Nxd4 Nxd4 7. f4 Nc6 8.
Bxf7+ Kf8 9. fxe5 Nxe5 10. Bb3 d6 11. Bf4 Qe7 12. Bg5 Bg4 13. Qd2 Nd7 14. Nc3 c6
15. h3 Be6 16. Rad1 Bxb3 17. axb3 Rd8 18. Qxd6 Qxd6 19. Rxd6 Ke7 20. e5 Nxe5 21.
Rdxf6 gxf6 22. Bxf6+ Ke6 23. Bxh8 Rxh8 24. Ne4 Kd5 25. Ng5 h6 26. Nf7 Rh7 27.
Nxe5 Kxe5 28. Kf2 Rg7 29. Re1+ Kf4 30. Re6 h5 31. Rf6+ Kg5 32. Rf8 h4 33. g3
hxg3+ 34. Kxg3 Rh7 35. h4+ Kh6 36. Rf6+ Kh5 37. Rf5+ Kh6 38. h5 Rd7 39. Kf3 Rd2 1/2-1/2